[Event "Russian Championship G15 1st league 2016"]
[Site "Loo"]
[Date "2016.04.23"]
[Round "4.23"]
[White "Voskresenskaya, Alevtina"]
[Black "Chagina, Ulyana"]
[Result "0-1"]
[WhiteElo "1478"]
[BlackElo "1276"]
[PlyCount "152"]
[EventDate "2016.04.20"]

1. d4 Nf6 2. c4 e6 3. Nc3 Bb4 4. a3 Bxc3+ 5. bxc3 b6 6. Bg5 Bb7 7. e3 d6 8. Nf3
Nbd7 9. Bd3 O-O 10. O-O Qe8 11. Bxf6 Nxf6 12. Re1 Ne4 13. Qc2 f5 14. Nd2 Qg6
15. Nxe4 fxe4 16. Be2 Rf6 17. Rf1 Raf8 18. Qd1 Qg5 19. g3 Rh6 20. Kh1 Rff6 21.
Qe1 Rf3 22. Kg2 Qg4 23. Rh1 Qh3+ 24. Kg1 Rf8 25. Qf1 Qf5 26. h4 g5 27. h5 Bc6
28. Rh2 e5 29. d5 Be8 30. Qh3 Qxh3 31. Rxh3 Ba4 32. g4 Rhf6 33. Rh2 h6 34. Rb1
a5 35. Rb2 R8f7 36. Rb1 Kf8 37. c5 dxc5 38. Bc4 Rd6 39. Kg2 Bc2 40. Rb2 Bd3 41.
Bxd3 exd3 42. c4 e4 43. Rh3 Rdf6 44. a4 Ke7 45. Rh1 Kd7 46. Rf1 Kc8 47. Kg3 Kb7
48. Kg2 c6 49. dxc6+ Kxc6 50. Rfb1 Kc7 51. Rd1 Rd6 52. Rbd2 Rf8 53. Kg3 Rf3+
54. Kg2 Rdf6 55. Kg1 Rh3 56. Kg2 Rh4 57. Rh1 Rxg4+ 58. Kh3 Rh4+ 59. Kg2 Rxh1
60. Kxh1 g4 61. Kg2 Rf3 62. Rd1 Rh3 63. Rg1 Rxh5 64. Kg3 Rf5 65. Rf1 h5 66. Kh4
Kd6 67. Kg3 Ke7 68. Kh4 Kd7 69. Kg3 Rf3+ 70. Kh4 g3 71. Rg1 gxf2 72. Rf1 d2 73.
Kxh5 Rxe3 74. Rxf2 d1=Q+ 75. Kg6 Qg1+ 76. Kh7 Rh3# 0-1

[Event "Russian Championship G15 1st league 2016"]
[Site "Loo"]
[Date "2016.04.23"]
[Round "4.25"]
[White "Tereschenko, Dariy"]
[Black "Vlezko, Maria"]
[Result "1/2-1/2"]
[WhiteElo "1312"]
[BlackElo "1432"]
[PlyCount "99"]
[EventDate "2016.04.20"]

1. d4 d5 2. c4 e6 3. Nf3 Nf6 4. Bg5 Be7 5. Nc3 O-O 6. e3 c6 7. Bd3 Nbd7 8. cxd5
exd5 9. Qc2 b5 10. a3 a5 11. O-O Ba6 12. Rfe1 b4 13. Na4 bxa3 14. bxa3 Bxd3 15.
Qxd3 Ne4 16. Bf4 Ndf6 17. Ne5 c5 18. dxc5 Bxc5 19. f3 Qe8 20. Nxc5 Nxc5 21. Qd1
Rd8 22. Nd3 Qe7 23. Nxc5 Qxc5 24. Qd4 Qe7 25. Qb6 a4 26. Qc6 Qa7 27. Rab1 Rfe8
28. Qb6 Qxb6 29. Rxb6 d4 30. Bg5 dxe3 31. Bxf6 gxf6 32. Ra6 Rd4 33. Kf1 f5 34.
g3 f4 35. gxf4 Rxf4 36. Ke2 Rd4 37. Rd1 Rh4 38. Rh1 Rc4 39. Kd3 Rec8 40. Rg1+
Kh8 41. Kxe3 Rc3+ 42. Kf2 Rxa3 43. Rg4 Ra2+ 44. Kg3 a3 45. Rga4 Rg8+ 46. Rg4
Rxg4+ 47. Kxg4 Ra1 48. h4 a2 49. Kf5 Kg7 50. h5 1/2-1/2

[Event "Russian Championship G15 1st league 2016"]
[Site "Loo"]
[Date "2016.04.23"]
[Round "4.29"]
[White "Muratova, Anastasiya"]
[Black "Bychenkova, Angelina"]
[Result "1/2-1/2"]
[WhiteElo "1327"]
[BlackElo "1546"]
[PlyCount "108"]
[EventDate "2016.04.20"]

1. d4 d5 2. g3 Nf6 3. Bg2 Bf5 4. Nf3 e6 5. a3 h6 6. O-O c5 7. dxc5 Bxc5 8. b4
Bb6 9. Bb2 O-O 10. Nbd2 a6 11. c4 Nc6 12. Rc1 Rc8 13. cxd5 exd5 14. e3 Re8 15.
Qb3 d4 16. exd4 Bxd4 17. Nxd4 Nxd4 18. Rxc8 Ne2+ 19. Kh1 Bxc8 20. Nf3 Ne4 21.
Qc2 Bf5 22. Qc4 Qd1 23. Bd4 Qa4 24. Bc5 Qb5 25. Qxb5 axb5 26. Bd4 Bg4 27. Bb2
Bxf3 28. Bxf3 Nd2 29. Bxe2 Rxe2 30. Rc1 Rxf2 31. Kg1 Re2 32. Rc3 Nf3+ 33. Rxf3
Rxb2 34. Rf5 Rb1+ 35. Kg2 Rb2+ 36. Kh3 Rb3 37. Rxb5 Rxa3 38. Rxb7 Rb3 39. Kg4
Rb2 40. Kh3 g5 41. b5 h5 42. Rb8+ Kg7 43. b6 Kf6 44. g4 Rb3+ 45. Kg2 Rb2+ 46.
Kg3 Rb3+ 47. Kg2 Rb2+ 48. Kf3 hxg4+ 49. Kxg4 Rb4+ 50. Kg3 Rb3+ 51. Kg4 Rb4+ 52.
Kg3 Rb3+ 53. Kg4 Rb4+ 54. Kg3 Rb3+ 1/2-1/2

[Event "Russian Championship G15 1st league 2016"]
[Site "Loo"]
[Date "2016.04.23"]
[Round "4.30"]
[White "Shelezhonkova, Kseniya"]
[Black "Nerusheva, Arina"]
[Result "0-1"]
[WhiteElo "1446"]
[BlackElo "1513"]
[PlyCount "106"]
[EventDate "2016.04.20"]

1. e4 c5 2. Nf3 d6 3. d4 cxd4 4. Nxd4 Nf6 5. Nc3 Nc6 6. Be3 Ng4 7. Bc1 Qb6 8.
f3 Qxd4 9. fxg4 Qxd1+ 10. Nxd1 Bxg4 11. Ne3 Bd7 12. Nd5 Rc8 13. Be3 e6 14. Nc3
Be7 15. O-O-O a6 16. Kb1 O-O 17. Na4 Ne5 18. Nb6 Rc6 19. Nxd7 Nxd7 20. Be2 Rfc8
21. c3 b5 22. Rhf1 Nb6 23. Bh5 g6 24. Be2 Bf8 25. Rf2 Bg7 26. Bf4 Na4 27. Rxd6
Rxc3 28. bxc3 Nxc3+ 29. Kc2 Nxe4+ 30. Kb1 Nxf2 31. Bf3 e5 32. Bg3 e4 33. Be2
Nd3 34. Bxd3 exd3 35. Rxd3 Bf8 36. Be5 Re8 37. Bf4 Re2 38. Rd8 Kg7 39. Bd6 Bxd6
40. Rxd6 Rxg2 41. h3 Rg3 42. h4 Rg4 43. h5 gxh5 44. Rd3 h4 45. Rh3 Kg6 46. Kc2
Kg5 47. Kd1 Rg3 48. Rh1 Rg2 49. a3 Kg4 50. Ke1 h3 51. Kf1 Kg3 52. Ke1 h2 53.
Kf1 Ra2 0-1

[Event "Russian Championship G15 1st league 2016"]
[Site "Loo"]
[Date "2016.04.23"]
[Round "4.32"]
[White "Pervukhina, Ekaterina"]
[Black "Leontieva, Lada"]
[Result "0-1"]
[WhiteElo "1101"]
[BlackElo "1071"]
[PlyCount "46"]
[EventDate "2016.04.20"]

1. e4 e5 2. Nf3 Nf6 3. Nc3 Nc6 4. Bc4 Bb4 5. Qe2 O-O 6. O-O d6 7. h3 h6 8. d3
Re8 9. Be3 Bxc3 10. bxc3 d5 11. exd5 Nxd5 12. Bd2 Nf6 13. Rfe1 Qd6 14. Qd1 b6
15. Be3 Bb7 16. d4 exd4 17. cxd4 Na5 18. Bd3 Nd5 19. Nh4 Nxe3 20. fxe3 c5 21.
c3 cxd4 22. cxd4 Rac8 23. Rc1 Qg3 0-1

[Event "Russian Championship B17 1st league 2016"]
[Site "Loo"]
[Date "2016.04.23"]
[Round "4.1"]
[White "Ovsyanyuk, Dmitriy"]
[Black "Karpenko, Artem"]
[Result "0-1"]
[WhiteElo "1928"]
[BlackElo "2324"]
[PlyCount "94"]
[EventDate "2016.04.20"]

1. e4 e5 2. Nf3 Nc6 3. Bc4 Bc5 4. c3 Nf6 5. d3 O-O 6. O-O d5 7. exd5 Nxd5 8. b4
Be7 9. b5 Na5 10. Nxe5 Bf6 11. f4 Nxc3 12. Nxc3 Qd4+ 13. Rf2 Bxe5 14. fxe5 Nxc4
15. dxc4 Qxc3 16. Bb2 Qxc4 17. a4 Be6 18. Rc1 Rad8 19. Qf3 Qxa4 20. Qxb7 Rd1+
21. Rxd1 Qxd1+ 22. Rf1 Qd2 23. Rf2 Qd1+ 24. Rf1 Qd3 25. Kh1 Qd2 26. Bc1 Qe2 27.
Rg1 Qxe5 28. Qxa7 h6 29. b6 cxb6 30. Qxb6 Rc8 31. Qe3 Qd5 32. Qg3 Kh8 33. Bb2
f6 34. Qe3 Kh7 35. Rc1 Rb8 36. Qd4 Qb7 37. Qd3+ Kh8 38. Bd4 Bd5 39. Qg3 Be4 40.
Rc7 Qb1+ 41. Bg1 Bg6 42. Rc1 Qb2 43. Rc7 Kh7 44. h3 Rb3 45. Qf4 Qe2 46. Bd4
Rxh3+ 47. gxh3 Be4+ 0-1

[Event "Russian Championship B17 1st league 2016"]
[Site "Loo"]
[Date "2016.04.23"]
[Round "4.2"]
[White "Postnikov, Artem"]
[Black "Makarenko, Aleksandr"]
[Result "1-0"]
[WhiteElo "2147"]
[BlackElo "1987"]
[PlyCount "93"]
[EventDate "2016.04.20"]

1. d4 Nf6 2. c4 g6 3. Nc3 Bg7 4. e4 d6 5. Be2 O-O 6. Bg5 h6 7. Be3 c6 8. h4 e5
9. d5 Qa5 10. Qd2 Kh7 11. f3 cxd5 12. cxd5 Nh5 13. g4 Nf4 14. Bxf4 exf4 15. Nh3
Nd7 16. Nxf4 Ne5 17. Ng2 Bd7 18. Ne3 b5 19. O-O Rac8 20. Rac1 Qd8 21. f4 Nc4
22. Nxc4 bxc4 23. g5 h5 24. f5 Qb6+ 25. Kg2 Be5 26. Rf3 Kg7 27. Rcf1 Qb4 28. a3
Qc5 29. Rc1 Rb8 30. Nd1 Bb5 31. b3 c3 32. Nxc3 Bxe2 33. Nxe2 Qxa3 34. Qd3 Qb4
35. Rc4 Qe1 36. Rf2 Qa5 37. Nd4 Qb6 38. Rf3 Bxd4 39. Rxd4 Qa5 40. Rc4 Qa1 41.
Rc3 Qe1 42. Qd4+ Kg8 43. Rf2 Rfe8 44. Re3 Qc1 45. Ref3 Qc8 46. Rf4 Kh7 47. Qf6
1-0

[Event "Russian Championship B17 1st league 2016"]
[Site "Loo"]
[Date "2016.04.23"]
[Round "4.3"]
[White "Smorchkov, Danil"]
[Black "Ofitserian, Boris"]
[Result "1/2-1/2"]
[WhiteElo "2017"]
[BlackElo "2313"]
[PlyCount "80"]
[EventDate "2016.04.20"]

1. e4 c5 2. Nf3 d6 3. d4 cxd4 4. Nxd4 Nf6 5. Nc3 a6 6. Bg5 Nbd7 7. f4 Qc7 8.
Be2 e6 9. Bf3 Be7 10. Qd2 O-O 11. O-O-O Nb6 12. Qe2 h6 13. Bxf6 Bxf6 14. g4 e5
15. fxe5 Bxe5 16. h4 Be6 17. g5 Qc5 18. Nb3 Bxb3 19. axb3 Bxc3 20. bxc3 a5 21.
gxh6 a4 22. Qg2 g6 23. Qg5 axb3 24. Qxc5 b2+ 25. Kxb2 dxc5 26. Be2 Rfe8 27. h5
Rxe4 28. Bd3 Re6 29. hxg6 fxg6 30. Rde1 Na4+ 31. Kc1 Rxe1+ 32. Rxe1 Kh7 33. Re6
Rg8 34. Re7+ Kxh6 35. Rxb7 Nxc3 36. Rc7 Nd5 37. Rxc5 Nf4 38. Kd2 Re8 39. Rc4 g5
40. Re4 Rd8 1/2-1/2

[Event "Russian Championship B17 1st league 2016"]
[Site "Loo"]
[Date "2016.04.23"]
[Round "4.4"]
[White "Valov, Eugeny"]
[Black "Shkurkin, Andrey"]
[Result "1/2-1/2"]
[WhiteElo "1970"]
[BlackElo "2255"]
[PlyCount "70"]
[EventDate "2016.04.20"]

1. d4 d6 2. Nf3 Bg4 3. e4 Nf6 4. Nc3 Nbd7 5. e5 dxe5 6. dxe5 Bxf3 7. Qxf3 Nxe5
8. Qxb7 Qc8 9. Qxc8+ Rxc8 10. Ba6 Rb8 11. Bf4 Ned7 12. Bb5 e5 13. Bg5 Bb4 14.
O-O Bxc3 15. Bxd7+ Nxd7 16. bxc3 f6 17. Be3 a6 18. Rfd1 Ke7 19. g3 Rhd8 20. Rd3
Nb6 21. Bc5+ Ke8 22. Re1 Na4 23. Bb4 Nb2 24. Rxd8+ Rxd8 25. Ba5 Nc4 26. Bb4 Rd2
27. Re4 Nd6 28. Bxd6 cxd6 29. Ra4 Rxc2 30. Rxa6 Rxc3 31. Rxd6 Rc1+ 32. Kg2 Ra1
33. Ra6 Kf7 34. Ra7+ Kg6 35. h3 e4 1/2-1/2

[Event "Russian Championship B17 1st league 2016"]
[Site "Loo"]
[Date "2016.04.23"]
[Round "4.5"]
[White "Privorotsky, Oleg"]
[Black "Gitelson, Arkady"]
[Result "1/2-1/2"]
[WhiteElo "1954"]
[BlackElo "2123"]
[PlyCount "118"]
[EventDate "2016.04.20"]

1. e4 c5 2. Nf3 Nc6 3. c3 e6 4. d4 d5 5. exd5 exd5 6. Bb5 Bd6 7. dxc5 Bxc5 8.
O-O Nge7 9. Nbd2 O-O 10. Nb3 Bb6 11. h3 Nf5 12. Bf4 Be6 13. Bd3 h6 14. Qd2 Qf6
15. Rad1 Nh4 16. Nxh4 Qxh4 17. Kh2 Rad8 18. Bb1 d4 19. Bg3 Qf6 20. Nxd4 Nxd4
21. cxd4 Rxd4 22. Qc2 g6 23. Rxd4 Bxd4 24. b3 h5 25. Qe4 Bf5 26. Qxb7 Bxb1 27.
Rxb1 h4 28. Bc7 Qxf2 29. Rd1 Re8 30. Qd5 Bb6 31. Bxb6 axb6 32. Qd4 Re3 33. Qd8+
Kg7 34. Qd4+ Kh7 35. Qg4 f5 36. Qg5 Qg3+ 37. Qxg3 hxg3+ 38. Kg1 Re2 39. Ra1 Rb2
40. Kf1 f4 41. a4 Rxb3 42. Ke2 g5 43. a5 bxa5 44. Rxa5 Rb2+ 45. Kf1 Kg6 46. Ra8
Kf5 47. Rf8+ Ke6 48. Rg8 Rb1+ 49. Ke2 Rg1 50. Kf3 Kf6 51. Rf8+ Kg6 52. Rg8+ Kh6
53. Rh8+ Kg7 54. Ra8 Rf1+ 55. Kg4 Rf2 56. Ra5 Rxg2 57. Rxg5+ Kh6 58. Rh5+ Kg6
59. Rg5+ Kh6 1/2-1/2

[Event "Russian Championship B17 1st league 2016"]
[Site "Loo"]
[Date "2016.04.23"]
[Round "4.6"]
[White "Dmitriev, Maksim"]
[Black "Isagov, Nariman"]
[Result "1/2-1/2"]
[WhiteElo "1919"]
[BlackElo "2057"]
[PlyCount "96"]
[EventDate "2016.04.20"]

1. d4 Nf6 2. Nc3 d6 3. e4 Nbd7 4. f4 e5 5. dxe5 dxe5 6. fxe5 Nxe5 7. Qxd8+ Kxd8
8. Nf3 Bd6 9. b3 Re8 10. Be2 Bb4 11. Bb2 Bd7 12. a3 Bd6 13. O-O-O Nxf3 14. gxf3
Ke7 15. Bc4 Kf8 16. Ne2 Rad8 17. Ng3 Bh3 18. Rhe1 Bf4+ 19. Kb1 Rxd1+ 20. Rxd1
Nd7 21. Bxg7+ Ke7 22. Nf5+ Bxf5 23. exf5 f6 24. h3 Ne5 25. Be6 c5 26. a4 a5 27.
c3 b6 28. Kc2 Ra8 29. h4 h5 30. Kb2 Ra7 31. Rg1 Nxf3 32. Bf8+ Kd8 33. Rg8 Kc7
34. Be7 Be5 35. Rf8 Nxh4 36. Bxf6 Bxf6 37. Rxf6 Ra8 38. Rh6 Rf8 39. Rxh5 Nf3
40. Rh7+ Kd6 41. Rb7 Kc6 42. Rh7 Rf6 43. Kc2 Ng5 44. Re7 Kd6 45. Rd7+ Kc6 46.
Re7 Kd6 47. Re8 Nxe6 48. fxe6 Rxe6 1/2-1/2

[Event "Russian Championship B17 1st league 2016"]
[Site "Loo"]
[Date "2016.04.23"]
[Round "4.7"]
[White "Poltoratskiy, Aleksandr"]
[Black "Spiridonov, Evgeny"]
[Result "1/2-1/2"]
[WhiteElo "1798"]
[BlackElo "2057"]
[PlyCount "73"]
[EventDate "2016.04.20"]

1. d4 d5 2. Nf3 Nf6 3. e3 e6 4. b3 c5 5. Bb2 Be7 6. Nbd2 O-O 7. c4 b6 8. Rc1
Bb7 9. Bd3 Nbd7 10. O-O Ne4 11. Ne1 f5 12. f3 Nxd2 13. Qxd2 Rc8 14. f4 Nf6 15.
Nf3 Ne4 16. Qe2 cxd4 17. exd4 Bd6 18. Ne5 Qe7 19. cxd5 exd5 20. Bb5 Bb4 21. Bd7
Rxc1 22. Rxc1 Qd6 23. Rc2 Ba5 24. a3 Bd2 25. Rxd2 Nxd2 26. Qxd2 a6 27. Bc3 a5
28. b4 g6 29. h3 Rd8 30. Bb5 Rc8 31. a4 axb4 32. Bxb4 Qc7 33. Kh2 Kg7 34. Bd7
Rd8 35. Bb5 Rc8 36. Kg3 Kg8 37. Kh2 1/2-1/2

[Event "Russian Championship B17 1st league 2016"]
[Site "Loo"]
[Date "2016.04.23"]
[Round "4.8"]
[White "Goltsev, Dmitry"]
[Black "Veklich, Igor"]
[Result "1/2-1/2"]
[WhiteElo "2169"]
[BlackElo "1914"]
[PlyCount "96"]
[EventDate "2016.04.20"]

1. e4 c5 2. c3 Nf6 3. e5 Nd5 4. d4 cxd4 5. Qxd4 Nb6 6. Nf3 Nc6 7. Qe4 d5 8.
exd6 Qxd6 9. Na3 Qe6 10. Qxe6 Bxe6 11. Bf4 O-O-O 12. Ng5 g6 13. Nxe6 fxe6 14.
Be2 e5 15. Bg3 Bh6 16. Nc4 Nxc4 17. Bxc4 Rd2 18. b4 Rf8 19. b5 Nd8 20. Rd1
Rxd1+ 21. Kxd1 Bf4 22. Ke2 Nf7 23. Be6+ Kc7 24. Bxf7 Rxf7 25. f3 Kb6 26. c4 Kc5
27. Kd3 Bxg3 28. hxg3 e4+ 29. Kxe4 Kxc4 30. b6 a6 31. Ke5 h5 32. Rc1+ Kb5 33.
Ke6 Rf5 34. Kxe7 Rg5 35. g4 hxg4 36. Kf6 Rd5 37. Rb1+ Ka4 38. fxg4 Rd6+ 39. Ke5
Rc6 40. g5 Ka3 41. Rf1 Rxb6 42. Rf6 Rb4 43. Rxg6 Rg4 44. Kf5 Rxg2 45. Rb6 Rxa2
46. Rxb7 Rf2+ 47. Kg4 Rg2+ 48. Kf4 a5 1/2-1/2

[Event "Russian Championship B17 1st league 2016"]
[Site "Loo"]
[Date "2016.04.23"]
[Round "4.9"]
[White "Voinikonis, Nikita"]
[Black "Nerushev, Arseniy"]
[Result "1/2-1/2"]
[WhiteElo "2168"]
[BlackElo "1982"]
[PlyCount "89"]
[EventDate "2016.04.20"]

1. e4 c5 2. Nf3 d6 3. d4 cxd4 4. Nxd4 Nf6 5. f3 e5 6. Nb3 Be6 7. c4 Nbd7 8. Be3
Qc7 9. Na3 a6 10. Rc1 Be7 11. Be2 O-O 12. O-O Nh5 13. Qd2 h6 14. g3 Nc5 15. Na1
b6 16. N1c2 f5 17. exf5 Bxf5 18. Nb4 Nf6 19. Nd5 Nxd5 20. cxd5 Qb7 21. b4 Na4
22. Bd1 Bd7 23. Nc4 Rab8 24. Rf2 Rfc8 25. Bxa4 Bxa4 26. Nxb6 Rxc1+ 27. Qxc1 Be8
28. Qd1 Qc7 29. Rc2 Qd8 30. Qc1 Bg5 31. f4 exf4 32. gxf4 Bxf4 33. Bxf4 Qxb6+
34. Rf2 Qxb4 35. Qc7 Qb1+ 36. Bc1 Rb7 37. Qc3 Bf7 38. Rc2 Qb4 39. Qxb4 Rxb4 40.
Ba3 Rg4+ 41. Kf1 Bxd5 42. Bxd6 a5 43. Rc5 Bxa2 44. Rxa5 Bc4+ 45. Kf2 1/2-1/2

[Event "Russian Championship B17 1st league 2016"]
[Site "Loo"]
[Date "2016.04.23"]
[Round "4.10"]
[White "Vasilenok, Anton"]
[Black "Tretyakov, Stepan"]
[Result "1-0"]
[WhiteElo "2159"]
[BlackElo "1967"]
[PlyCount "81"]
[EventDate "2016.04.20"]

1. e4 c5 2. Nf3 Nc6 3. d4 cxd4 4. Nxd4 g6 5. c4 Bg7 6. Be3 Nf6 7. Nc3 d6 8. Be2
O-O 9. O-O Bd7 10. Nc2 Be6 11. f3 Nd7 12. Rc1 Qa5 13. Na3 Rfc8 14. Nab1 a6 15.
a3 Rab8 16. f4 b5 17. b4 Qd8 18. cxb5 axb5 19. Nxb5 Bb2 20. f5 Bxc1 21. Bxc1
Bxf5 22. exf5 Rxb5 23. Bxb5 Qb6+ 24. Kh1 Qxb5 25. Nc3 Qc4 26. Nd5 Nde5 27. Nb6
Qh4 28. Nxc8 Ng4 29. h3 Nf2+ 30. Rxf2 Qxf2 31. b5 Nd4 32. Nxe7+ Kf8 33. Nd5
Nxf5 34. Bf4 Nh4 35. Bxd6+ Kg8 36. Ne7+ Kg7 37. Qg1 Qf6 38. Bg3 Qxe7 39. Qd4+
f6 40. Bxh4 g5 41. Bxg5 1-0

[Event "Russian Championship B17 1st league 2016"]
[Site "Loo"]
[Date "2016.04.23"]
[Round "4.11"]
[White "Karelov, Pavel"]
[Black "Azimov, Ilyas"]
[Result "1/2-1/2"]
[WhiteElo "1961"]
[BlackElo "2154"]
[PlyCount "94"]
[EventDate "2016.04.20"]

1. c4 c5 2. Nc3 Nf6 3. g3 d5 4. cxd5 Nxd5 5. Bg2 Nc7 6. Nf3 Nc6 7. O-O e5 8. d3
Be7 9. Be3 O-O 10. Nd2 Bd7 11. Nc4 b5 12. Nd2 Rb8 13. Nce4 Ne6 14. Rc1 Ncd4 15.
Bxd4 cxd4 16. Nb3 Qb6 17. h4 f5 18. Ned2 a5 19. Nf3 Bf6 20. Qd2 b4 21. Qd1 Qd6
22. Nxa5 Rb5 23. Nc4 Qa6 24. a4 bxa3 25. Nxa3 Rxb2 26. Nc4 Ba4 27. Ra1 Qxc4 28.
Rxa4 Qb5 29. Rc4 e4 30. Nh2 Qe5 31. dxe4 fxe4 32. Ng4 Qd5 33. Nxf6+ Rxf6 34.
Rc2 Rb8 35. Rd2 Qe5 36. Qc2 Nc5 37. Qc4+ Ne6 38. Bh3 e3 39. Bxe6+ Kh8 40. Qxd4
exf2+ 41. Kh2 Qxe6 42. Rxf2 Rxf2+ 43. Qxf2 h6 44. Qf4 Re8 45. Qd4 Qf5 46. Kg2
Rf8 47. Qg1 Qe4+ 1/2-1/2

[Event "Russian Championship B17 1st league 2016"]
[Site "Loo"]
[Date "2016.04.23"]
[Round "4.12"]
[White "Zakharov, Nikolay A"]
[Black "Tokmashov, Maxim"]
[Result "1/2-1/2"]
[WhiteElo "1942"]
[BlackElo "2145"]
[PlyCount "139"]
[EventDate "2016.04.20"]

1. e4 e6 2. d4 d5 3. e5 c5 4. c3 Qb6 5. Nf3 Nc6 6. a3 Nh6 7. b4 cxd4 8. cxd4
Nf5 9. Bb2 Bd7 10. g4 Nfe7 11. Nc3 Ng6 12. Qd2 Be7 13. Be2 Qd8 14. Rc1 Nh4 15.
Nxh4 Bg5 16. f4 Bxh4+ 17. Kf1 O-O 18. Kg2 Ne7 19. Rcf1 Rc8 20. Bd3 Ng6 21. Rhg1
f6 22. exf6 Qxf6 23. Ne2 Qf7 24. Kh1 Be7 25. Bc1 Bd6 26. Qe3 Rfe8 27. Bd2 Nf8
28. h4 Ba4 29. Nc3 Bb3 30. Rf2 Bc4 31. Bb1 Bc7 32. Rh2 Bb6 33. Na4 Qd7 34. Nxb6
axb6 35. h5 Qa4 36. Rh3 Re7 37. g5 Rcc7 38. Qf2 Bb3 39. Bc3 Bd1 40. Qd2 Bb3 41.
f5 exf5 42. Bxf5 Qe8 43. Qf4 Bc4 44. Bb1 Be2 45. Qf5 Rf7 46. Qxd5 Bc4 47. Qg2
Be6 48. Re3 Qd8 49. Qg3 Bd5+ 50. Kh2 g6 51. Rge1 Qd7 52. Kg1 Qc6 53. Bb2 Qb5
54. Bd3 Qd7 55. Be4 Bxe4 56. Rxe4 Rc2 57. R4e2 Rc4 58. Re4 Rc2 59. R1e2 Rc6 60.
Rd2 Qf5 61. Ree2 gxh5 62. Rf2 Qb1+ 63. Kh2 h4 64. Qb3 Qg6 65. d5 Qd6+ 66. Kh1
Rcc7 67. Qh3 Rxf2 68. Rxf2 Qxd5+ 69. Kh2 Rf7 70. Qg2 1/2-1/2

[Event "Russian Championship B17 1st league 2016"]
[Site "Loo"]
[Date "2016.04.23"]
[Round "4.13"]
[White "Efimenko, Aleksandr"]
[Black "Indzhiev, Aldar"]
[Result "0-1"]
[WhiteElo "1819"]
[BlackElo "2081"]
[PlyCount "146"]
[EventDate "2016.04.20"]

1. e4 d6 2. d4 Nf6 3. Bd3 e5 4. c3 Be7 5. Nf3 Nbd7 6. O-O O-O 7. Re1 c6 8. Nbd2
Qc7 9. Nf1 Re8 10. Ng3 a5 11. Bc2 Bf8 12. h3 b5 13. Nf5 Nb6 14. N3h4 Kh8 15.
Bg5 Ng8 16. Qd3 f6 17. Bd2 g6 18. Ng3 c5 19. d5 Ba6 20. b3 a4 21. Qe2 Ra7 22.
Bc1 Rea8 23. Bb2 Qd8 24. Nf3 b4 25. c4 axb3 26. axb3 Bb7 27. Rad1 Bh6 28. Nf1
Bc8 29. g4 Bf4 30. Ng3 Qe8 31. Kg2 Kg7 32. Bb1 Kf8 33. Ng1 Ke7 34. Qf3 Kd8 35.
N1e2 Bh6 36. Rg1 Rf7 37. Kf1 Kc7 38. Rg2 Ne7 39. Kg1 Bd7 40. Rf1 Qf8 41. Qd3 f5
42. f3 Kb7 43. Rff2 Re8 44. Bc2 Nbc8 45. Nf1 Ng8 46. Nh2 Qe7 47. Bb1 Bg5 48.
Bc1 Bh4 49. Rf1 Ref8 50. Ng3 h5 51. exf5 gxf5 52. Nxh5 f4 53. Qe2 Nf6 54. Nxf6
Qxf6 55. Be4 Bg3 56. Rd1 Rh8 57. Nf1 Rxh3 58. Nxg3 fxg3 59. Qd2 Qh4 60. Kf1
Bxg4 61. Ke2 Bf5 62. Qd3 Ne7 63. Rdg1 Bd7 64. Bd2 Nf5 65. Bxf5 Bxf5 66. Qe3 e4
67. fxe4 Re7 68. Kd1 Bxe4 69. Rxg3 Bc2+ 70. Kxc2 Rxe3 71. Bxe3 Qh7+ 72. Kb2
Qh8+ 73. Ka2 Qa8+ 0-1

[Event "Russian Championship B17 1st league 2016"]
[Site "Loo"]
[Date "2016.04.23"]
[Round "4.14"]
[White "Shcherbashin, Victor"]
[Black "Lilov, Aleksandr"]
[Result "1/2-1/2"]
[WhiteElo "2057"]
[BlackElo "1935"]
[PlyCount "94"]
[EventDate "2016.04.20"]

1. e4 e5 2. Nc3 Nc6 3. Nf3 Nf6 4. d4 exd4 5. Nxd4 Bc5 6. Be3 Bb6 7. Qd2 O-O 8.
O-O-O Re8 9. f3 d6 10. g4 Be6 11. Nxe6 fxe6 12. g5 Nh5 13. Be2 e5 14. Nd5 Bxe3
15. Qxe3 Ne7 16. Bc4 Kh8 17. Rdg1 Nxd5 18. Bxd5 g6 19. Bxb7 Rb8 20. Bc6 Rf8 21.
Qxa7 Rb6 22. Bd5 Rxf3 23. Kb1 Nf4 24. a4 Qc8 25. Bc4 Rb4 26. b3 Rc3 27. Qa6 Qb8
28. Bb5 Ne2 29. Bxe2 Rbxb3+ 30. Kc1 Rb1+ 31. Kd2 Rxc2+ 32. Ke3 Rc3+ 33. Kf2 Rb6
34. Qa5 Qf8+ 35. Kg2 Rc2 36. Re1 Qf4 37. Qa8+ Kg7 38. Rhf1 Qxg5+ 39. Kh1 Qe7
40. Bd1 Rxh2+ 41. Kxh2 Qh4+ 42. Kg2 Rb2+ 43. Re2 Qg4+ 44. Kf2 Qf4+ 45. Ke1 Qg3+
46. Rff2 Qg1+ 47. Rf1 Qg3+ 1/2-1/2

[Event "Russian Championship B17 1st league 2016"]
[Site "Loo"]
[Date "2016.04.23"]
[Round "4.15"]
[White "Petrenko, Kirill"]
[Black "Rozmanov, Aleksandr"]
[Result "1-0"]
[WhiteElo "2050"]
[BlackElo "1927"]
[PlyCount "57"]
[EventDate "2016.04.20"]

1. d4 d5 2. c4 e6 3. Nf3 Nf6 4. g3 Bb4+ 5. Bd2 Be7 6. Bg2 O-O 7. O-O c6 8. Qc2
Nbd7 9. Bf4 b6 10. cxd5 cxd5 11. Qc6 Ba6 12. Nc3 Bb4 13. Rfe1 Ne4 14. Nxe4 Bxe1
15. Neg5 Ba5 16. Bd6 h6 17. Nh3 Nb8 18. Qxa8 Qxd6 19. Rc1 Bb5 20. Ne5 a6 21.
Qb7 Bxe2 22. Nf4 Bb5 23. Rc7 Qb4 24. h4 Qxd4 25. Rxf7 Qd1+ 26. Kh2 Nd7 27.
Rxf8+ Nxf8 28. Qf7+ Kh7 29. Qxf8 1-0

[Event "Russian Championship B17 1st league 2016"]
[Site "Loo"]
[Date "2016.04.23"]
[Round "4.16"]
[White "Kolmagorov, Alexey"]
[Black "Nakonechny, Ignat"]
[Result "1-0"]
[WhiteElo "2037"]
[BlackElo "1857"]
[PlyCount "75"]
[EventDate "2016.04.20"]

1. d4 Nf6 2. c4 g6 3. Nc3 d5 4. cxd5 Nxd5 5. Bd2 Bg7 6. e4 Nb6 7. Be3 N8d7 8.
Nf3 O-O 9. Be2 e5 10. O-O c6 11. Qc2 Qe7 12. a4 exd4 13. Bxd4 Bxd4 14. Nxd4 Qb4
15. Rad1 a5 16. f4 Nf6 17. f5 Qe7 18. fxg6 hxg6 19. Rf4 Qe5 20. Qd2 Rd8 21.
Nxc6 Qc5+ 22. Nd4 Kg7 23. Kh1 Rh8 24. Rdf1 Qg5 25. Nf3 Qh6 26. Rxf6 Kxf6 27.
Qd4+ Ke7 28. Qxb6 Be6 29. Qxb7+ Kf6 30. Nd4+ Bf5 31. Qc7 Rac8 32. Qd6+ Kg7 33.
exf5 Qe3 34. fxg6 Rxh2+ 35. Qxh2 Rh8 36. Rxf7+ Kxg6 37. Qxh8 Kxf7 38. Qh5+ 1-0

[Event "Russian Championship B17 1st league 2016"]
[Site "Loo"]
[Date "2016.04.23"]
[Round "4.17"]
[White "Tchebalkin, Evgeny"]
[Black "Navrodskiy, Boris"]
[Result "1/2-1/2"]
[WhiteElo "1945"]
[BlackElo "2091"]
[PlyCount "64"]
[EventDate "2016.04.20"]

1. Nf3 d5 2. g3 Bg4 3. Bg2 Nd7 4. d4 Ngf6 5. Ne5 Bh5 6. Nd3 e6 7. O-O Bd6 8. b3
Qe7 9. Bb2 O-O 10. Nd2 c6 11. Nf3 Ne4 12. Nfe5 f5 13. Nf4 Be8 14. f3 Bxe5 15.
dxe5 Ng5 16. Nd3 h6 17. Rc1 Rc8 18. c4 Bg6 19. h4 Nf7 20. f4 Bh5 21. Rc2 a6 22.
Qc1 dxc4 23. bxc4 Nc5 24. Ba3 Nxd3 25. exd3 c5 26. d4 b6 27. d5 Nd8 28. Qb1 Qa7
29. Qc1 Qe7 30. Qb1 Qa7 31. Qc1 Qe7 32. Qb1 Qa7 1/2-1/2

[Event "Russian Championship B17 1st league 2016"]
[Site "Loo"]
[Date "2016.04.23"]
[Round "4.18"]
[White "Levenshtein, Mark"]
[Black "Shastitko, Danil"]
[Result "1-0"]
[WhiteElo "2062"]
[BlackElo "1809"]
[PlyCount "94"]
[EventDate "2016.04.20"]

1. Nf3 d5 2. g3 Nf6 3. Bg2 Bf5 4. O-O c6 5. d3 e6 6. Nbd2 h6 7. Re1 Be7 8. b3
O-O 9. Bb2 Nbd7 10. e4 dxe4 11. dxe4 Bh7 12. Qe2 Qc7 13. e5 Nd5 14. c4 Nb4 15.
Ne4 Nc5 16. Nxc5 Bxc5 17. Red1 Rfd8 18. Bd4 Bd3 19. Qd2 Bxd4 20. Nxd4 Qb6 21.
a3 Bc2 22. axb4 Bxd1 23. Rxd1 a5 24. Qe3 Rd7 25. bxa5 Rxa5 26. Rd2 Ra8 27. Qc3
Qa5 28. Qxa5 Rxa5 29. f4 c5 30. Nf3 Rxd2 31. Nxd2 Ra2 32. Ne4 b6 33. Nd6 Rb2
34. Bc6 f6 35. exf6 gxf6 36. Ba4 Kg7 37. Nc8 Kg6 38. Nxb6 Kf5 39. Nd7 e5 40.
fxe5 fxe5 41. Nxc5 e4 42. Bc6 e3 43. Be4+ Kg4 44. Nd3 Rxb3 45. Kf1 Kh3 46. Ke2
Kxh2 47. g4 Kg3 {далее запись неразбор~~ива} 1-0